Chaque joueur Français de la Coupe du Monde de Rugby 2023 - Statistiques

Statistiques générales
  • Ce quiz a été pris 225 fois
  • Le résultat moyen est 27 sur 34
Statistiques - réponses
Titularisations Position Club/province Réponse % Correct
49 Demi de mêlée Toulouse Antoine Dupont
99%
27 Arrière Toulouse Thomas Ramos
97%
44 Ailier Bordeaux-Bègles Damian Penaud
96%
81 Centre Racing 92 Gaël Fickou
92%
53 Pilier La Rochelle Uini Atonio
92%
26 Demi d'ouverture Bordeaux-Bègles Matthieu Jalibert
91%
35 Troisième ligne Toulon Charles Ollivon
90%
44 Pilier Toulouse Cyril Baille
89%
31 Talonneur Toulouse Julien Marchand
89%
24 Talonneur Toulouse Peato Mauvaka
89%
42 Troisième ligne La Rochelle Grégory Alldritt
88%
15 Demi de mêlée Bordeaux-Bègles Maxime Lucu
88%
23 Centre La Rochelle Jonathan Danty
80%
22 Troisième ligne Toulouse François Cros
79%
14 Ailier Toulon Gabin Villière
79%
3 Ailier Bordeaux-Bègles Louis Bielle-Biarrey
79%
15 Arrière Toulouse Melvyn Jaminet
78%
19 Deuxième ligne Toulouse Thibaud Flament
77%
18 Centre Bordeaux-Bègles Yoram Moefana
77%
25 Troisième ligne Toulouse Anthony Jelonch
76%
22 Deuxième ligne Racing 92 Cameron Woki
76%
13 Demi de mêlée Lyon Baptiste Couilloud
73%
25 Pilier Toulon Jean-Baptiste Gros
73%
44 Deuxième ligne Lyon Romain Taofifenua
73%
4 Demi d'ouverture La Rochelle Antoine Hastoy
72%
11 Pilier Toulouse Dorian Aldegheri
69%
31 Deuxième ligne Montpellier Paul Willemse
69%
18 Troisième ligne Stade Français Sekou Macalou
68%
16 Centre Montpellier Arthur Vincent
66%
10 Talonneur La Rochelle Pierre Bourgarit
64%
9 Pilier La Rochelle Reda Wardi
64%
3 Troisième ligne La Rochelle Paul Boudehent
57%
6 Deuxième ligne Montpellier Bastien Chalureau
56%
13 Pilier Bordeaux-Bègles Sipili Falatea
48%
Aucun quiz correspondant
Distribution des résultats
% des personnes avec chaque résultat
Percentile par nombre de réponses
Votre historique - résultats
Vous n’avez pas pris ce quiz